| 000 | 00699nam a2200205 a 4500 | ||
|---|---|---|---|
| 001 | 000026132 | ||
| 005 | 20200930024329.0 | ||
| 008 | 110301s1991 cu r 000 0 spa d | ||
| 040 |
_aDO-SdBNP _bspa _cBNPHU |
||
| 082 |
_annn _bC512c |
||
| 100 | 1 |
_aChávez Álvarez, Ernesto, _d1942- _953100 |
|
| 245 | 1 | 0 |
_aEl crimen de la niña Cecilia : _bla brujería en Cuba como fenómeno social (1902-1925) / _cErnesto Chávez Álvarez edición Enid Vian. |
| 260 |
_aLa Habana, Cuba : _bCiencias Sociales, _c1991. |
||
| 300 |
_a216 p. ; _c18 cm. |
||
| 490 | 1 | _aEtnología | |
| 504 | _aIncluye bibliografía (p. 209-216) | ||
| 700 | 1 |
_aVian, Enid, _eed. _928106 |
|
| 830 | 0 |
_aEtnología _934077 |
|
| 049 | _aBNGR | ||
| 999 |
_c25624 _d25624 |
||